[Event "European Rapid Championship 2021"]
[Site "Katowice"]
[Date "2021.12.19"]
[Round "9.20"]
[White "Jonsson, Gauti Pall"]
[Black "Spalir, Jernej"]
[Result "1/2-1/2"]
[WhiteElo "2014"]
[BlackElo "2340"]
[Annotator "NA"]
[PlyCount "101"]
[EventDate "2021.12.18"]
[EventType "swiss"]
[EventCountry "POL"]
[SourceTitle "playchess.com"]
[Source "ChessBase"]
[SourceQuality "1"]
[TimeControl "900+10"]

1. Nf3 {[%emt 0:00:04]} d5 {[%emt 0:00:02]} 2. g3 {[%emt 0:00:02]} Nf6 {
[%emt 0:00:01]} 3. Bg2 {[%emt 0:00:04]} c6 {[%emt 0:00:03]} 4. O-O {[%emt 0:00:
06]} Bg4 {[%emt 0:00:02]} 5. h3 {[%emt 0:00:18]} Bh5 {[%emt 0:00:02]} 6. d3 {
[%emt 0:00:04]} Nbd7 {[%emt 0:00:01]} 7. Qe1 {[%emt 0:00:11]} e5 {[%emt 0:00:
03]} 8. e4 {[%emt 0:00:36]} dxe4 {[%emt 0:00:03]} 9. dxe4 {[%emt 0:00:02]} Bc5
{[%emt 0:00:03]} 10. Be3 {[%emt 0:01:02]} Bxf3 {[%emt 0:00:55]} 11. Bxf3 {
[%emt 0:00:03]} O-O {[%emt 0:00:06]} 12. Nc3 {[%emt 0:01:05]} Bb4 {[%emt 0:00:
10]} 13. a3 {[%emt 0:00:10]} Ba5 {[%emt 0:00:03]} 14. Rd1 {[%emt 0:00:35]} Qe7
{[%emt 0:00:01]} 15. Bg2 {[%emt 0:02:53]} h6 {[%emt 0:00:18]} 16. f4 {[%emt 0:
00:37]} exf4 {[%emt 0:00:17]} 17. gxf4 {[%emt 0:00:06]} Rad8 {[%emt 0:02:20]}
18. e5 {[%emt 0:00:19]} Ne8 {[%emt 0:00:03]} 19. b4 {[%emt 0:00:34]} Bb6 {
[%emt 0:00:10]} 20. Ne4 {[%emt 0:00:24]} f6 {[%emt 0:00:08]} 21. Bxb6 {[%emt 0:
00:12]} axb6 {[%emt 0:00:36]} 22. Nd6 {[%emt 0:00:48]} fxe5 {[%emt 0:01:20]}
23. Nxb7 {[%emt 0:00:12]} Rc8 {[%emt 0:00:01]} 24. fxe5 {[%emt 0:00:29]} Rxf1+
{[%emt 0:00:08]} 25. Qxf1 {[%emt 0:00:19]} Nxe5 {[%emt 0:00:04]} 26. Qf5 {
[%emt 0:00:22]} Rc7 {[%emt 0:01:05]} 27. Nd8 {[%emt 0:01:05]} Rd7 {[%emt 0:04:
09]} 28. Rxd7 {[%emt 0:00:19]} Nxd7 {[%emt 0:00:01]} 29. Nxc6 {[%emt 0:00:14]}
Qe3+ {[%emt 0:00:10]} 30. Kh2 {[%emt 0:00:12]} Nef6 {[%emt 0:00:26]} 31. a4 {
[%emt 0:00:36]} Nf8 {[%emt 0:00:41]} 32. a5 {[%emt 0:00:10]} bxa5 {[%emt 0:00:
02]} 33. bxa5 {[%emt 0:00:02]} Ne6 {[%emt 0:00:01]} 34. a6 {[%emt 0:00:26]} Nd4
{[%emt 0:00:19]} 35. Qe5 {[%emt 0:01:29]} Nf3+ {[%emt 0:00:04]} 36. Bxf3 {
[%emt 0:00:07]} Qxf3 {[%emt 0:00:01]} 37. Ne7+ {[%emt 0:01:47]} Kf7 {[%emt 0:
00:10]} 38. Nf5 {[%emt 0:01:20]} Qf2+ {[%emt 0:00:06]} 39. Kh1 {[%emt 0:00:01]}
Qf1+ {[%emt 0:01:18]} 40. Kh2 {[%emt 0:00:00]} Qxa6 {[%emt 0:00:01]} 41. Qe7+ {
[%emt 0:00:02]} Kg6 {[%emt 0:00:03]} 42. Nh4+ {[%emt 0:00:17]} Kh7 {[%emt 0:00:
01]} 43. Nf5 {[%emt 0:00:38]} Nh5 {[%emt 0:00:03]} 44. Qe4 {[%emt 0:00:13]} Nf6
{[%emt 0:01:04]} 45. Qd3 {[%emt 0:00:07]} Qb6 {[%emt 0:00:35]} 46. Nh4+ {
[%emt 0:00:14]} Kh8 {[%emt 0:00:09]} 47. Ng6+ {[%emt 0:00:03]} Kh7 {[%emt 0:00:
17]} 48. Ne7+ {[%emt 0:00:11]} Kh8 {[%emt 0:00:02]} 49. Ng6+ {[%emt 0:00:22]}
Kh7 {[%emt 0:00:01]} 50. Ne7+ {[%emt 0:01:04]} Kh8 {[%emt 0:00:01]} 51. Ng6+
1/2-1/2

[Event "European Rapid Championship 2021"]
[Site "Katowice"]
[Date "2021.12.19"]
[Round "9.21"]
[White "Wieczorek, Oskar"]
[Black "Koziorowicz, Michal"]
[Result "0-1"]
[WhiteElo "2367"]
[BlackElo "2041"]
[Annotator "NA"]
[PlyCount "54"]
[EventDate "2021.12.18"]
[EventType "swiss"]
[EventCountry "POL"]
[SourceTitle "playchess.com"]
[Source "ChessBase"]
[SourceQuality "1"]
[TimeControl "900+10"]

1. c4 {[%emt 0:00:01]} e5 {[%emt 0:00:04]} 2. Nc3 {[%emt 0:00:01]} Nf6 {
[%emt 0:00:02]} 3. Nf3 {[%emt 0:00:02]} d6 {[%emt 0:00:07]} 4. d4 {[%emt 0:00:
13]} exd4 {[%emt 0:00:03]} 5. Nxd4 {[%emt 0:00:01]} g6 {[%emt 0:00:14]} 6. g3 {
[%emt 0:00:01]} Bg7 {[%emt 0:00:04]} 7. Bg2 {[%emt 0:00:01]} O-O {[%emt 0:00:
02]} 8. O-O {[%emt 0:00:03]} Nbd7 {[%emt 0:00:09]} 9. b3 {[%emt 0:01:15]} a5 {
[%emt 0:00:14]} 10. Qc2 {[%emt 0:00:31]} Nc5 {[%emt 0:00:15]} 11. Rd1 {[%emt 0:
00:09]} Bd7 {[%emt 0:00:35]} 12. Rb1 {[%emt 0:00:15]} Re8 {[%emt 0:00:29]} 13.
a3 {[%emt 0:01:49]} Qc8 {[%emt 0:00:02]} 14. Bb2 {[%emt 0:04:54]} h5 {[%emt 0:
01:42]} 15. Nd5 {[%emt 0:00:41]} Ng4 {[%emt 0:01:55]} 16. Rbc1 {[%emt 0:02:29]}
Rb8 {[%emt 0:00:51]} 17. Nb5 {[%emt 0:00:51]} Bf5 {[%emt 0:00:19]} 18. e4 {
[%emt 0:00:42]} Nxe4 {[%emt 0:00:36]} 19. Bxg7 {[%emt 0:00:03]} Nxg3 {[%emt 0:
02:12]} 20. Qb2 {[%emt 0:02:56]} Ne2+ {[%emt 0:00:01]} 21. Kf1 {[%emt 0:00:01]}
Nxh2+ {[%emt 0:00:05]} 22. Ke1 {[%emt 0:00:01]} Nf4+ {[%emt 0:00:11]} 23. Ne3 {
[%emt 0:00:43]} Nxg2+ {[%emt 0:00:03]} 24. Kd2 {[%emt 0:00:09]} Nf3+ {[%emt 0:
01:10]} 25. Ke2 {[%emt 0:00:04]} Nxe3 {[%emt 0:00:18]} 26. fxe3 {[%emt 0:00:02]
} Bg4 {[%emt 0:00:10]} 27. Kf2 {[%emt 0:00:45]} Qf5 {[%emt 0:00:13]} 0-1

[Event "European Rapid Championship 2021"]
[Site "Katowice"]
[Date "2021.12.19"]
[Round "9.21"]
[White "Kanicki, Krzysztof"]
[Black "Jagodzinski, Piotr"]
[Result "1-0"]
[WhiteElo "2004"]
[BlackElo "2145"]
[Annotator "NA"]
[PlyCount "173"]
[EventDate "2021.12.18"]
[EventType "swiss"]
[EventCountry "POL"]
[SourceTitle "playchess.com"]
[Source "ChessBase"]
[SourceQuality "1"]
[TimeControl "900+10"]

1. e4 {[%emt 0:00:02]} c6 {[%emt 0:00:00]} 2. Nf3 {[%emt 0:00:25]} d5 {[%emt 0:
00:01]} 3. d3 {[%emt 0:00:02]} Bg4 {[%emt 0:01:10]} 4. h3 {[%emt 0:00:09]} Bxf3
{[%emt 0:00:27]} 5. Qxf3 {[%emt 0:00:01]} d4 {[%emt 0:00:03]} 6. g3 {[%emt 0:
00:23]} e5 {[%emt 0:00:02]} 7. Bg2 {[%emt 0:00:12]} Qa5+ {[%emt 0:00:40]} 8.
Nd2 {[%emt 0:00:51]} Nd7 {[%emt 0:00:25]} 9. O-O {[%emt 0:00:03]} Ngf6 {
[%emt 0:01:10]} 10. Qe2 {[%emt 0:00:23]} Qc5 {[%emt 0:01:26]} 11. Nb3 {[%emt 0:
02:32]} Qb6 {[%emt 0:00:02]} 12. f4 {[%emt 0:00:10]} Be7 {[%emt 0:00:18]} 13.
f5 {[%emt 0:01:02]} h5 {[%emt 0:00:31]} 14. Kh1 {[%emt 0:00:51]} a5 {[%emt 0:
00:21]} 15. c3 {[%emt 0:02:40]} c5 {[%emt 0:00:19]} 16. Nd2 {[%emt 0:00:46]} a4
{[%emt 0:00:19]} 17. cxd4 {[%emt 0:01:16]} cxd4 {[%emt 0:00:02]} 18. Nc4 {
[%emt 0:00:03]} Qa6 {[%emt 0:00:14]} 19. Bd2 {[%emt 0:00:07]} b5 {[%emt 0:01:
26]} 20. Na3 {[%emt 0:00:01]} Nb6 {[%emt 0:02:47]} 21. Rac1 {[%emt 0:00:06]}
Kd7 {[%emt 0:01:34]} 22. Rc2 {[%emt 0:00:04]} Rhc8 {[%emt 0:02:47]} 23. Rfc1 {
[%emt 0:00:01]} Rxc2 {[%emt 0:00:11]} 24. Rxc2 {[%emt 0:00:19]} Rc8 {[%emt 0:
00:01]} 25. Rxc8 {[%emt 0:02:25]} Qxc8 {[%emt 0:00:47]} 26. Ba5 {[%emt 0:00:42]
} Qc1+ {[%emt 0:01:30]} 27. Kh2 {[%emt 0:00:04]} Bxa3 {[%emt 0:00:05]} 28. bxa3
{[%emt 0:00:09]} Kc6 {[%emt 0:00:01]} 29. Bb4 {[%emt 0:00:26]} h4 {[%emt 0:00:
01]} 30. gxh4 Nbd7 31. Qd2 {[%emt 0:02:36]} Qb1 {[%emt 0:00:02]} 32. Bf3 {
[%emt 0:00:28]} Nc5 {[%emt 0:01:06]} 33. Be2 {[%emt 0:00:57]} Nfd7 {[%emt 0:00:
01]} 34. Kg2 {[%emt 0:00:13]} f6 {[%emt 0:00:39]} 35. h5 {[%emt 0:00:06]} Na6 {
[%emt 0:00:03]} 36. Be7 {[%emt 0:00:14]} Qa1 {[%emt 0:00:23]} 37. Qc2+ {
[%emt 0:00:15]} Nac5 {[%emt 0:00:12]} 38. Bf1 {[%emt 0:00:14]} Qe1 {[%emt 0:00:
01]} 39. Be2 {[%emt 0:00:08]} Qh4 {[%emt 0:00:09]} 40. Qd2 {[%emt 0:00:09]} Kb6
{[%emt 0:00:12]} 41. Bd8+ Kb7 42. Qa5 {[%emt 0:00:15]} Qg5+ {[%emt 0:00:04]}
43. Bg4 {[%emt 0:00:17]} Qe3 {[%emt 0:00:10]} 44. Qxb5+ {[%emt 0:00:06]} Kc8 {
[%emt 0:00:09]} 45. Ba5 {[%emt 0:00:14]} Qxd3 {[%emt 0:00:31]} 46. Qc6+ {
[%emt 0:00:01]} Kb8 {[%emt 0:00:00]} 47. Bc7+ {[%emt 0:00:19]} Kc8 {[%emt 0:00:
15]} 48. Bxe5+ {[%emt 0:00:11]} Kd8 {[%emt 0:00:03]} 49. Bc7+ {[%emt 0:00:08]}
Ke8 {[%emt 0:00:08]} 50. Qa8+ {[%emt 0:00:04]} Ke7 {[%emt 0:00:24]} 51. Bd8+ {
[%emt 0:00:09]} Kf7 {[%emt 0:00:03]} 52. Bf3 {[%emt 0:00:19]} Qd2+ {[%emt 0:00:
10]} 53. Kh1 {[%emt 0:00:04]} Qc1+ {[%emt 0:00:15]} 54. Kg2 {[%emt 0:00:01]}
Qd2+ {[%emt 0:00:14]} 55. Kh1 {[%emt 0:00:01]} Qc1+ {[%emt 0:00:11]} 56. Kg2 {
[%emt 0:00:01]} Qb2+ {[%emt 0:00:02]} 57. Kg3 {[%emt 0:00:16]} d3 {[%emt 0:00:
03]} 58. Qd5+ {[%emt 0:00:23]} Ke8 {[%emt 0:00:05]} 59. Ba5 {[%emt 0:00:04]}
Qb8+ {[%emt 0:00:27]} 60. Kg2 {[%emt 0:00:03]} Qf4 {[%emt 0:00:14]} 61. Bb4 {
[%emt 0:00:06]} Qg5+ {[%emt 0:00:12]} 62. Kf2 {[%emt 0:00:13]} Qc1 {[%emt 0:00:
08]} 63. h6 {[%emt 0:00:12]} gxh6 {[%emt 0:00:12]} 64. Bh5+ {[%emt 0:00:14]}
Kd8 {[%emt 0:00:01]} 65. Ba5+ {[%emt 0:00:30]} Kc8 {[%emt 0:00:03]} 66. Qc6+ {
[%emt 0:00:09]} Kb8 {[%emt 0:00:04]} 67. Qc7+ {[%emt 0:00:10]} Ka8 {[%emt 0:00:
03]} 68. Qc6+ {[%emt 0:00:14]} Kb8 {[%emt 0:00:03]} 69. Bc7+ {[%emt 0:00:07]}
Ka7 {[%emt 0:00:06]} 70. Bd6 {[%emt 0:00:12]} Qb2+ {[%emt 0:00:14]} 71. Kg3 {
[%emt 0:00:04]} Qd4 {[%emt 0:00:40]} 72. Qc7+ {[%emt 0:00:09]} Nb7 {[%emt 0:00:
12]} 73. Qxd7 {[%emt 0:00:16]} Qxd6+ {[%emt 0:00:11]} 74. Qxd6 {[%emt 0:00:01]}
Nxd6 {[%emt 0:00:01]} 75. Kf4 {[%emt 0:00:13]} Nc4 {[%emt 0:00:04]} 76. Bd1 Kb6
{[%emt 0:00:11]} 77. Bxa4 {[%emt 0:00:19]} Kc5 {[%emt 0:00:08]} 78. Bd1 {
[%emt 0:00:04]} Kd4 {[%emt 0:00:05]} 79. a4 {[%emt 0:00:02]} Kc3 {[%emt 0:00:
06]} 80. a5 {[%emt 0:00:03]} Nxa5 {[%emt 0:00:10]} 81. e5 {[%emt 0:00:00]}
fxe5+ {[%emt 0:00:01]} 82. Kxe5 {[%emt 0:00:01]} Nc4+ {[%emt 0:00:00]} 83. Ke6
{[%emt 0:00:12]} Ne3 {[%emt 0:00:52]} 84. Bh5 {[%emt 0:00:01]} Ng2 {[%emt 0:00:
04]} 85. Ke5 {[%emt 0:00:05]} d2 {[%emt 0:00:18]} 86. f6 {[%emt 0:00:04]} Kd3 {
[%emt 0:00:13]} 87. f7 {[%emt 0:00:03]} 1-0

[Event "European Rapid Championship 2021"]
[Site "Katowice"]
[Date "2021.12.19"]
[Round "9.22"]
[White "Skawinski, Arkadiusz"]
[Black "Snihur, Piotr"]
[Result "1-0"]
[WhiteElo "2367"]
[BlackElo "2006"]
[Annotator "NA"]
[PlyCount "70"]
[EventDate "2021.12.18"]
[EventType "swiss"]
[EventCountry "POL"]
[SourceTitle "playchess.com"]
[Source "ChessBase"]
[SourceQuality "1"]
[TimeControl "900+10"]

1. e4 {[%emt 0:00:02]} c6 {[%emt 0:00:06]} 2. Nf3 {[%emt 0:00:02]} d5 {[%emt 0:
00:02]} 3. Nc3 {[%emt 0:00:02]} dxe4 {[%emt 0:00:04]} 4. Nxe4 {[%emt 0:00:01]}
Nf6 {[%emt 0:00:40]} 5. Qe2 {[%emt 0:00:02]} Bf5 {[%emt 0:01:54]} 6. Nxf6+ {
[%emt 0:01:07]} gxf6 {[%emt 0:00:01]} 7. d3 {[%emt 0:00:01]} Nd7 {[%emt 0:00:
15]} 8. g3 {[%emt 0:00:12]} Qc7 {[%emt 0:01:44]} 9. Bg2 {[%emt 0:00:24]} O-O-O
{[%emt 0:00:39]} 10. Bd2 {[%emt 0:00:18]} e5 {[%emt 0:00:20]} 11. O-O {[%emt 0:
00:19]} h5 {[%emt 0:00:28]} 12. Nh4 {[%emt 0:00:24]} Bg4 {[%emt 0:00:26]} 13.
Qe1 {[%emt 0:00:09]} Bd6 {[%emt 0:02:31]} 14. b4 {[%emt 0:00:36]} Nf8 {[%emt 0:
01:23]} 15. a4 {[%emt 0:01:41]} Ng6 {[%emt 0:00:22]} 16. Nxg6 {[%emt 0:00:14]}
fxg6 {[%emt 0:00:02]} 17. b5 {[%emt 0:00:22]} Bd7 {[%emt 0:01:51]} 18. a5 {
[%emt 0:01:59]} Bc5 {[%emt 0:03:01]} 19. Be3 {[%emt 0:01:08]} cxb5 {[%emt 0:00:
38]} 20. a6 {[%emt 0:03:29]} Bc6 {[%emt 0:00:22]} 21. axb7+ {[%emt 0:02:05]}
Bxb7 {[%emt 0:00:18]} 22. Bxb7+ {[%emt 0:01:16]} Kxb7 {[%emt 0:00:05]} 23. Bxc5
{[%emt 0:00:02]} Qxc5 {[%emt 0:00:10]} 24. Qe4+ {[%emt 0:00:17]} Kb8 {[%emt 0:
00:55]} 25. Rfb1 {[%emt 0:00:51]} f5 {[%emt 0:00:52]} 26. Qa4 {[%emt 0:00:05]}
Ka8 {[%emt 0:00:05]} 27. Rxb5 {[%emt 0:00:03]} Qc7 {[%emt 0:00:05]} 28. Rxe5 {
[%emt 0:00:33]} Rh7 {[%emt 0:00:05]} 29. Qf4 {[%emt 0:00:13]} Qc6 {[%emt 0:00:
19]} 30. h4 {[%emt 0:00:33]} Rb7 {[%emt 0:00:02]} 31. Qd2 {[%emt 0:00:21]} Rdb8
{[%emt 0:00:17]} 32. Ree1 {[%emt 0:00:35]} Qc5 {[%emt 0:00:16]} 33. Qe2 {
[%emt 0:00:36]} Rc8 {[%emt 0:00:09]} 34. c4 {[%emt 0:00:04]} Rd8 {[%emt 0:00:
08]} 35. Qf3 {[%emt 0:00:04]} Rd6 1-0

[Event "European Rapid Championship 2021"]
[Site "Katowice"]
[Date "2021.12.19"]
[Round "9.22"]
[White "Kowalczyk, Mariusz"]
[Black "Teclaf, Pawel"]
[Result "1/2-1/2"]
[WhiteElo "2047"]
[BlackElo "2345"]
[Annotator "NA"]
[PlyCount "82"]
[EventDate "2021.12.18"]
[EventType "swiss"]
[EventCountry "POL"]
[SourceTitle "playchess.com"]
[Source "ChessBase"]
[SourceQuality "1"]
[TimeControl "900+10"]

1. Nf3 {[%emt 0:00:08]} Nf6 {[%emt 0:00:04]} 2. c4 {[%emt 0:00:35]} b6 {
[%emt 0:00:04]} 3. g3 {[%emt 0:00:10]} Bb7 {[%emt 0:00:01]} 4. Bg2 {[%emt 0:00:
01]} g6 {[%emt 0:00:07]} 5. O-O {[%emt 0:00:30]} Bg7 {[%emt 0:00:02]} 6. Nc3 {
[%emt 0:00:02]} O-O {[%emt 0:00:02]} 7. d4 {[%emt 0:00:17]} Ne4 {[%emt 0:00:02]
} 8. Qd3 {[%emt 0:01:51]} Nxc3 {[%emt 0:00:01]} 9. Qxc3 {[%emt 0:00:44]} c5 {
[%emt 0:01:39]} 10. Be3 {[%emt 0:01:32]} d6 {[%emt 0:01:22]} 11. Rfd1 {[%emt 0:
01:40]} Be4 {[%emt 0:03:28]} 12. Qd2 {[%emt 0:03:25]} Nd7 {[%emt 0:00:18]} 13.
Bh6 {[%emt 0:00:47]} Nf6 {[%emt 0:00:23]} 14. Rac1 {[%emt 0:00:14]} Qc7 {
[%emt 0:00:35]} 15. Bxg7 {[%emt 0:01:00]} Kxg7 {[%emt 0:00:02]} 16. Qf4 {
[%emt 0:00:44]} Qb7 {[%emt 0:01:33]} 17. Ne1 {[%emt 0:01:01]} cxd4 {[%emt 0:01:
44]} 18. Bxe4 {[%emt 0:00:27]} Nxe4 {[%emt 0:00:03]} 19. Rxd4 {[%emt 0:00:03]}
Nf6 {[%emt 0:00:02]} 20. Qd2 {[%emt 0:00:56]} Rac8 {[%emt 0:00:29]} 21. Rd1 {
[%emt 0:00:11]} Rc7 {[%emt 0:01:34]} 22. Rh4 {[%emt 0:00:26]} h5 {[%emt 0:00:
33]} 23. Ng2 {[%emt 0:00:20]} Rfc8 {[%emt 0:00:39]} 24. Ne3 {[%emt 0:00:04]}
Rc5 {[%emt 0:01:16]} 25. a4 {[%emt 0:00:30]} Qd7 {[%emt 0:00:37]} 26. b3 {
[%emt 0:00:08]} Qe6 {[%emt 0:00:02]} 27. Rd4 {[%emt 0:00:31]} Rh8 {[%emt 0:00:
41]} 28. h4 {[%emt 0:00:45]} Re5 {[%emt 0:00:06]} 29. Qb2 {[%emt 0:00:33]} Rc8
{[%emt 0:00:20]} 30. Kg2 {[%emt 0:00:11]} Kg8 {[%emt 0:00:42]} 31. Re1 {
[%emt 0:00:01]} Rcc5 {[%emt 0:00:17]} 32. b4 {[%emt 0:00:09]} Rc8 {[%emt 0:00:
03]} 33. Qb3 {[%emt 0:00:28]} Re4 {[%emt 0:00:21]} 34. Qd3 {[%emt 0:00:08]}
Rxd4 {[%emt 0:00:36]} 35. Qxd4 {[%emt 0:00:01]} Qd7 {[%emt 0:00:01]} 36. Ra1 {
[%emt 0:00:15]} Qc6+ {[%emt 0:00:03]} 37. f3 {[%emt 0:00:05]} a5 {[%emt 0:00:
01]} 38. Qc3 {[%emt 0:00:25]} d5 {[%emt 0:00:55]} 39. bxa5 bxa5 {[%emt 0:00:19]
} 40. Qxa5 {[%emt 0:00:05]} dxc4 {[%emt 0:00:13]} 41. Qc3 {[%emt 0:00:16]} Qe6
{[%emt 0:00:18]} 1/2-1/2

[Event "European Rapid Championship 2021"]
[Site "Katowice"]
[Date "2021.12.19"]
[Round "9.23"]
[White "Papasimakopoulos, Alexandros"]
[Black "Lukasiewicz, Krzysztof"]
[Result "1-0"]
[WhiteElo "2274"]
[BlackElo "2251"]
[Annotator "NA"]
[PlyCount "67"]
[EventDate "2021.12.18"]
[EventType "swiss"]
[EventCountry "POL"]
[SourceTitle "playchess.com"]
[Source "ChessBase"]
[SourceQuality "1"]
[TimeControl "900+10"]

1. d4 {[%emt 0:00:02]} Nf6 {[%emt 0:00:01]} 2. c4 {[%emt 0:00:04]} e6 {[%emt 0:
00:01]} 3. Nc3 {[%emt 0:00:01]} Bb4 {[%emt 0:00:02]} 4. Qc2 {[%emt 0:00:01]}
O-O {[%emt 0:00:02]} 5. a3 {[%emt 0:00:01]} Bxc3+ {[%emt 0:00:10]} 6. Qxc3 {
[%emt 0:00:01]} d6 {[%emt 0:00:19]} 7. f3 {[%emt 0:00:02]} c5 {[%emt 0:00:18]}
8. dxc5 {[%emt 0:00:02]} dxc5 {[%emt 0:00:01]} 9. Bf4 {[%emt 0:00:02]} Re8 {
[%emt 0:01:08]} 10. Rd1 {[%emt 0:00:06]} Qb6 {[%emt 0:00:01]} 11. e3 {[%emt 0:
00:08]} Nc6 {[%emt 0:00:19]} 12. Bg5 {[%emt 0:00:01]} Nd7 {[%emt 0:00:13]} 13.
Nh3 {[%emt 0:00:31]} f6 {[%emt 0:00:19]} 14. Bh4 {[%emt 0:00:08]} e5 {[%emt 0:
00:05]} 15. Bd3 {[%emt 0:00:09]} Nf8 {[%emt 0:00:01]} 16. Nf2 {[%emt 0:00:07]}
Be6 {[%emt 0:00:07]} 17. O-O {[%emt 0:00:09]} Rad8 {[%emt 0:01:49]} 18. Ne4 {
[%emt 0:00:31]} Rd7 {[%emt 0:01:47]} 19. Bxf6 {[%emt 0:00:06]} gxf6 {[%emt 0:
00:01]} 20. Nxf6+ {[%emt 0:00:01]} Kf7 {[%emt 0:00:00]} 21. Nxd7 {[%emt 0:00:
12]} Bxd7 {[%emt 0:00:04]} 22. Bxh7 {[%emt 0:00:20]} Ke7 {[%emt 0:00:21]} 23.
Be4 {[%emt 0:00:06]} Kd8 {[%emt 0:00:03]} 24. Rd6 {[%emt 0:00:43]} Kc8 {
[%emt 0:00:17]} 25. b4 {[%emt 0:02:12]} cxb4 {[%emt 0:00:23]} 26. axb4 {
[%emt 0:00:02]} Qc7 {[%emt 0:00:29]} 27. c5 {[%emt 0:00:06]} Re6 {[%emt 0:03:
36]} 28. Rfd1 {[%emt 0:00:09]} Rxd6 {[%emt 0:00:01]} 29. Rxd6 {[%emt 0:00:04]}
Nd8 {[%emt 0:01:12]} 30. Bd5 {[%emt 0:00:50]} a5 {[%emt 0:00:26]} 31. bxa5 {
[%emt 0:00:14]} Nfe6 {[%emt 0:00:01]} 32. a6 {[%emt 0:00:24]} b5 {[%emt 0:00:
44]} 33. a7 {[%emt 0:00:46]} Qxa7 {[%emt 0:00:04]} 34. c6 {[%emt 0:00:02]} 1-0

[Event "European Rapid Championship 2021"]
[Site "Katowice"]
[Date "2021.12.19"]
[Round "9.23"]
[White "Kuegel, Tobias"]
[Black "Lis, Mateusz"]
[Result "1/2-1/2"]
[WhiteElo "2242"]
[BlackElo "1983"]
[Annotator "NA"]
[PlyCount "89"]
[EventDate "2021.12.18"]
[EventType "swiss"]
[EventCountry "POL"]
[SourceTitle "playchess.com"]
[Source "ChessBase"]
[SourceQuality "1"]
[TimeControl "900+10"]

1. e4 {[%emt 0:03:10]} c5 {[%emt 0:00:02]} 2. c4 {[%emt 0:00:14]} Nc6 {[%emt 0:
00:17]} 3. Ne2 {[%emt 0:00:04]} d6 {[%emt 0:00:10]} 4. d4 {[%emt 0:00:02]} cxd4
{[%emt 0:00:07]} 5. Nxd4 {[%emt 0:00:02]} e6 {[%emt 0:00:02]} 6. Nc3 {[%emt 0:
00:05]} a6 {[%emt 0:00:01]} 7. Be2 {[%emt 0:00:05]} Nf6 {[%emt 0:00:01]} 8. O-O
{[%emt 0:00:11]} Be7 {[%emt 0:00:05]} 9. Be3 {[%emt 0:00:02]} Bd7 {[%emt 0:00:
19]} 10. Qd2 {[%emt 0:00:16]} Rc8 {[%emt 0:00:20]} 11. Nxc6 {[%emt 0:00:21]}
Bxc6 {[%emt 0:00:05]} 12. f3 {[%emt 0:00:03]} O-O {[%emt 0:00:06]} 13. Rfd1 {
[%emt 0:00:10]} Qc7 {[%emt 0:00:06]} 14. Rac1 {[%emt 0:00:08]} Qb8 {[%emt 0:00:
04]} 15. b4 {[%emt 0:01:02]} b5 {[%emt 0:00:34]} 16. cxb5 {[%emt 0:01:09]} axb5
{[%emt 0:00:01]} 17. a4 {[%emt 0:02:25]} bxa4 {[%emt 0:00:39]} 18. b5 {[%emt 0:
01:12]} Ba8 {[%emt 0:00:00]} 19. Nxa4 {[%emt 0:00:04]} d5 {[%emt 0:00:26]} 20.
Rxc8 {[%emt 0:00:25]} Rxc8 {[%emt 0:00:08]} 21. Nb6 {[%emt 0:00:10]} Rd8 {
[%emt 0:00:14]} 22. Nxa8 {[%emt 0:00:53]} dxe4 {[%emt 0:02:18]} 23. Qa2 {
[%emt 0:00:52]} Qxa8 {[%emt 0:00:04]} 24. Qxa8 {[%emt 0:00:09]} Rxa8 {[%emt 0:
00:01]} 25. fxe4 {[%emt 0:01:36]} e5 {[%emt 0:00:32]} 26. b6 {[%emt 0:00:43]}
Rb8 {[%emt 0:00:19]} 27. Bf3 {[%emt 0:02:03]} Kf8 {[%emt 0:00:19]} 28. g4 {
[%emt 0:00:10]} h6 {[%emt 0:00:26]} 29. h4 {[%emt 0:01:21]} Ne8 {[%emt 0:00:55]
} 30. g5 {[%emt 0:00:18]} hxg5 {[%emt 0:00:02]} 31. hxg5 {[%emt 0:00:01]} Nd6 {
[%emt 0:00:02]} 32. Rb1 {[%emt 0:00:24]} Nc4 {[%emt 0:00:26]} 33. Kf2 {[%emt 0:
00:14]} Nxe3 {[%emt 0:00:04]} 34. Kxe3 {[%emt 0:00:03]} Bc5+ {[%emt 0:00:04]}
35. Ke2 {[%emt 0:00:02]} Rxb6 {[%emt 0:00:01]} 36. Rxb6 {[%emt 0:00:02]} Bxb6 {
[%emt 0:00:01]} 37. Bg4 {[%emt 0:00:07]} Bd8 {[%emt 0:00:02]} 38. g6 {[%emt 0:
00:03]} fxg6 {[%emt 0:00:05]} 39. Kf3 {[%emt 0:00:07]} Ke7 {[%emt 0:00:02]} 40.
Bh3 {[%emt 0:00:08]} Kd6 {[%emt 0:00:47]} 41. Kg4 {[%emt 0:00:02]} Kc5 {
[%emt 0:00:01]} 42. Bg2 {[%emt 0:00:02]} Kd4 {[%emt 0:00:01]} 43. Bh1 {[%emt 0:
00:01]} Ke3 {[%emt 0:00:01]} 44. Bg2 {[%emt 0:00:02]} Bf6 {[%emt 0:00:01]} 45.
Bh1 {[%emt 0:00:03]} 1/2-1/2

[Event "European Rapid Championship 2021"]
[Site "Katowice"]
[Date "2021.12.19"]
[Round "9.24"]
[White "Molenda, Marcin"]
[Black "Dwilewicz, Katarzyna"]
[Result "1/2-1/2"]
[WhiteElo "2365"]
[BlackElo "1981"]
[Annotator "NA"]
[PlyCount "66"]
[EventDate "2021.12.18"]
[EventType "swiss"]
[EventCountry "POL"]
[SourceTitle "playchess.com"]
[Source "ChessBase"]
[SourceQuality "1"]
[TimeControl "900+10"]

1. c4 {[%emt 0:00:03]} Nf6 {[%emt 0:00:04]} 2. Nc3 {[%emt 0:00:02]} e6 {
[%emt 0:00:03]} 3. e4 {[%emt 0:00:12]} d5 {[%emt 0:00:03]} 4. e5 {[%emt 0:00:
01]} d4 {[%emt 0:00:15]} 5. exf6 {[%emt 0:00:02]} dxc3 {[%emt 0:00:02]} 6. bxc3
{[%emt 0:00:02]} Qxf6 {[%emt 0:00:13]} 7. d4 {[%emt 0:00:02]} e5 {[%emt 0:00:
06]} 8. Nf3 {[%emt 0:00:15]} exd4 {[%emt 0:00:04]} 9. Bg5 {[%emt 0:01:11]} Qe6+
{[%emt 0:00:02]} 10. Be2 {[%emt 0:00:02]} Be7 {[%emt 0:00:07]} 11. Bxe7 {
[%emt 0:00:35]} d3 {[%emt 0:00:04]} 12. O-O {[%emt 0:03:44]} Qxe7 {[%emt 0:00:
03]} 13. Bxd3 {[%emt 0:00:10]} O-O {[%emt 0:00:03]} 14. Re1 {[%emt 0:00:25]}
Qf6 {[%emt 0:00:03]} 15. Ne5 {[%emt 0:01:28]} Nc6 {[%emt 0:02:12]} 16. Nxc6 {
[%emt 0:01:04]} Qxc6 {[%emt 0:00:04]} 17. Rb1 {[%emt 0:00:02]} Be6 {[%emt 0:02:
35]} 18. Qc2 {[%emt 0:00:35]} g6 {[%emt 0:01:19]} 19. Be4 {[%emt 0:00:16]} Qxc4
{[%emt 0:00:12]} 20. Rxb7 {[%emt 0:00:02]} a5 {[%emt 0:03:39]} 21. a3 {[%emt 0:
00:58]} Rab8 {[%emt 0:00:17]} 22. Reb1 {[%emt 0:00:44]} Rxb7 {[%emt 0:00:09]}
23. Rxb7 {[%emt 0:00:03]} Rd8 {[%emt 0:00:26]} 24. h3 {[%emt 0:00:31]} Kg7 {
[%emt 0:02:47]} 25. Bf3 {[%emt 0:03:23]} Qc5 {[%emt 0:01:03]} 26. a4 {[%emt 0:
00:40]} Bf5 {[%emt 0:01:05]} 27. Qb2 {[%emt 0:00:39]} Qe5 {[%emt 0:01:27]} 28.
c4 {[%emt 0:01:14]} Qxb2 {[%emt 0:00:05]} 29. Rxb2 {[%emt 0:00:01]} Rd4 {
[%emt 0:00:09]} 30. Be2 {[%emt 0:00:52]} Be6 {[%emt 0:00:25]} 31. Rb5 {[%emt 0:
00:27]} Bxc4 {[%emt 0:00:12]} 32. Bxc4 {[%emt 0:00:02]} Rxc4 {[%emt 0:00:01]}
33. Rxa5 {[%emt 0:00:01]} Rc1+ {[%emt 0:00:13]} 1/2-1/2